000 00568nam a2200181 i 4500
001 28887
003 ES-MaACL
005 20230906153939.0
007 t|
008 030120s1964 sp ||||1| spa d
100 1 _aBanani, Bernard B.
_925156
245 1 0 _aRecintos acústicos para altavoces de alta fidelidad /
_cpor B.B. Banani ; [traducción de Carmen Cervera].
260 _aMadrid :
_bParaninfo,
_c1964.
300 _a82 p. :
_bil. ;
_c17 cm.
650 4 _aAlta fidelidad.
_9165395
700 1 _aCervera, Carmen.
_937627
852 _aES-MaACL
_jC-25531
_bR.53875
999 _c28887
_d28887